[Event "DSJ Weihnachtsturnier U20w 2020"]
[Site "https://play.chessbase.com/en/play?room=DSJWeihnachtU20w"]
[Date "2020.12.29"]
[Round "1"]
[White "Kalina, Lena"]
[Black "Bangsa, Citra"]
[Result "1-0"]
[Termination "normal"]
[Board "9.2"]
[WhiteElo "1585"]
[BlackElo "1398"]
[WhiteTeam "SC Landskrone"]
[BlackTeam "SK Kelheim 1920"]
[PlyCount "103"]
[WhiteFideId "12988014"]
[BlackFideId "34605274"]
[EventRounds "7"]
[EventType "team-swiss"]
[EventDate "2020.12.29"]

1. d4 {[%emt 0:00:03]} d5 {[%emt 0:00:04]} 2. c4 {[%emt 0:00:02]} dxc4 { [%emt
0:00:06]} 3. Nc3 {[%emt 0:00:05]} e6 {[%emt 0:00:02]} 4. e4 {[%emt 0:00: 11]}
Bb4 {[%emt 0:00:07]} 5. Bxc4 {[%emt 0:00:05]} Nf6 {[%emt 0:00:03]} 6. f3 {
[%emt 0:00:24]} Bxc3+ {[%emt 0:00:09]} 7. bxc3 {[%emt 0:00:02]} c5 {[%emt 0:00:
03]} 8. Be3 {[%emt 0:00:08]} cxd4 {[%emt 0:00:28]} 9. cxd4 {[%emt 0:00:03]} O-O
{[%emt 0:00:02]} 10. Ne2 {[%emt 0:00:02]} b6 {[%emt 0:00:04]} 11. O-O {[%emt 0:
00:03]} Bb7 {[%emt 0:00:03]} 12. Qb3 {[%emt 0:00:18]} Nc6 {[%emt 0:00:06]} 13.
d5 {[%emt 0:00:16]} exd5 {[%emt 0:00:05]} 14. exd5 {[%emt 0:00:01]} Na5 { [%emt
0:00:03]} 15. Qb4 {[%emt 0:00:40]} Nxc4 {[%emt 0:00:09]} 16. Qxc4 { [%emt
0:00:01]} Rc8 {[%emt 0:00:16]} 17. Qd3 {[%emt 0:00:18]} Nxd5 {[%emt 0:00: 09]}
18. Bf2 {[%emt 0:00:18]} Nb4 {[%emt 0:00:14]} 19. Qxd8 {[%emt 0:00:03]} Rfxd8
{[%emt 0:00:03]} 20. a3 {[%emt 0:00:04]} Nd3 {[%emt 0:00:10]} 21. Bh4 { [%emt
0:00:12]} Re8 {[%emt 0:00:27]} 22. Nd4 {[%emt 0:00:23]} Rc4 {[%emt 0:00: 14]}
23. Nb5 {[%emt 0:00:28]} Rxh4 {[%emt 0:00:07]} 24. Nd6 {[%emt 0:00:13]} Re7
{[%emt 0:00:23]} 25. Rfd1 {[%emt 0:00:22]} Nb2 {[%emt 0:00:07]} 26. Rd2 { [%emt
0:00:05]} Rd7 {[%emt 0:00:50]} 27. Rxb2 {[%emt 0:00:37]} Rxd6 {[%emt 0: 00:04]}
28. Re1 {[%emt 0:00:07]} g6 {[%emt 0:00:37]} 29. Re7 {[%emt 0:00:06]} Ba6
{[%emt 0:00:32]} 30. Rxa7 {[%emt 0:00:15]} Rd1+ {[%emt 0:00:41]} 31. Kf2 {
[%emt 0:00:03]} Ra4 {[%emt 0:01:10]} 32. Rxb6 {[%emt 0:01:01]} Rd2+ {[%emt 0:
01:00]} 33. Kg3 {[%emt 0:00:09]} Rxg2+ {[%emt 0:00:55]} 34. Kxg2 {[%emt 0:00:
06]} Bf1+ {[%emt 0:00:02]} 35. Kxf1 {[%emt 0:00:02]} Rxa7 {[%emt 0:00:01]} 36.
Rb3 {[%emt 0:00:04]} Re7 {[%emt 0:00:05]} 37. Kf2 {[%emt 0:00:05]} f5 {[%emt 0:
00:07]} 38. a4 {[%emt 0:00:02]} Ra7 {[%emt 0:00:03]} 39. Rb4 {[%emt 0:00:05]}
Kf7 {[%emt 0:00:04]} 40. Kg3 {[%emt 0:00:05]} g5 {[%emt 0:00:05]} 41. h4 {
[%emt 0:00:08]} h6 {[%emt 0:00:17]} 42. Rd4 {[%emt 0:00:29]} Ke6 {[%emt 0:00:
11]} 43. Rb4 {[%emt 0:00:06]} Kf7 {[%emt 0:00:42]} 44. Rb5 {[%emt 0:00:47]} f4+
{[%emt 0:00:13]} 45. Kg4 {[%emt 0:00:07]} gxh4 {[%emt 0:00:02]} 46. Rf5+ {
[%emt 0:00:04]} Kg6 {[%emt 0:00:03]} 47. Rxf4 {[%emt 0:00:03]} Ra5 {[%emt 0:00:
02]} 48. Kxh4 {[%emt 0:00:02]} Rh5+ {[%emt 0:00:02]} 49. Kg3 {[%emt 0:00:02]}
Rg5+ {[%emt 0:00:01]} 50. Rg4 {[%emt 0:00:03]} Kf6 {[%emt 0:00:04]} 51. Rxg5 {
[%emt 0:00:01]} hxg5 {[%emt 0:00:01]} 52. a5 {[%emt 0:00:04]} 1-0

[Event "DSJ Weihnachtsturnier U20w 2020"]
[Site "https://play.chessbase.com/en/play?room=DSJWeihnachtU20w"]
[Date "2020.12.29"]
[Round "1"]
[White "Neumeier, Valentina"]
[Black "Müller, Riyanna"]
[Result "0-1"]
[Termination "normal"]
[Board "9.3"]
[WhiteElo "986"]
[BlackElo "1364"]
[WhiteTeam "SK Kelheim 1920"]
[BlackTeam "SC Landskrone"]
[PlyCount "50"]
[WhiteFideId "34608222"]
[BlackFideId "16287401"]
[EventRounds "7"]
[EventType "team-swiss"]
[EventDate "2020.12.29"]

1. e4 {[%emt 0:00:03]} e5 {[%emt 0:00:03]} 2. Nf3 {[%emt 0:00:07]} Nc6 { [%emt
0:00:03]} 3. Bc4 {[%emt 0:00:08]} Bc5 {[%emt 0:00:02]} 4. Nc3 {[%emt 0: 00:04]}
Nf6 {[%emt 0:00:03]} 5. Ng5 {[%emt 0:00:11]} O-O {[%emt 0:00:04]} 6. Nf3 {[%emt
0:00:08]} d6 {[%emt 0:00:02]} 7. O-O {[%emt 0:00:03]} Bg4 {[%emt 0: 00:03]} 8.
d3 {[%emt 0:00:05]} Nd4 {[%emt 0:00:03]} 9. Bg5 {[%emt 0:00:14]} Nxf3+ {[%emt
0:00:08]} 10. gxf3 {[%emt 0:00:03]} Bh3 {[%emt 0:00:02]} 11. Re1 { [%emt
0:00:04]} h6 {[%emt 0:00:03]} 12. Bh4 {[%emt 0:00:07]} c6 {[%emt 0:00:11] } 13.
a3 {[%emt 0:00:17]} g5 {[%emt 0:00:22]} 14. Bg3 {[%emt 0:00:03]} h5 { [%emt
0:00:22]} 15. Qd2 {[%emt 0:00:17]} Nd7 {[%emt 0:00:23]} 16. Bxe5 { [%emt
0:01:21]} Nxe5 {[%emt 0:00:21]} 17. f4 {[%emt 0:00:17]} Nf3+ {[%emt 0:00: 06]}
18. Kh1 {[%emt 0:00:14]} Nxd2 {[%emt 0:00:03]} 19. Rad1 {[%emt 0:00:48]} Nf3
{[%emt 0:00:09]} 20. Rg1 {[%emt 0:00:09]} Nxg1 {[%emt 0:00:05]} 21. Rxg1 {
[%emt 0:00:04]} g4 {[%emt 0:00:31]} 22. b4 {[%emt 0:00:23]} Bxf2 {[%emt 0:00:
05]} 23. Rd1 {[%emt 0:00:11]} Qf6 {[%emt 0:00:13]} 24. Rd2 {[%emt 0:00:17]}
Qxf4 {[%emt 0:00:13]} 25. Re2 {[%emt 0:00:11]} Qf3# {[%emt 0:00:03]} 0-1

[Event "DSJ Weihnachtsturnier U20w 2020"]
[Site "https://play.chessbase.com/en/play?room=DSJWeihnachtU20w"]
[Date "2020.12.29"]
[Round "1"]
[White "Hartmann, Hannah"]
[Black "Weiß, Sara"]
[Result "1-0"]
[Termination "normal"]
[Board "9.4"]
[WhiteElo "1327"]
[BlackElo "783"]
[WhiteTeam "SC Landskrone"]
[BlackTeam "SK Kelheim 1920"]
[PlyCount "57"]
[WhiteFideId "16235274"]
[BlackFideId "34628436"]
[EventRounds "7"]
[EventType "team-swiss"]
[EventDate "2020.12.29"]

1. e4 {[%emt 0:00:04]} e5 {[%emt 0:00:03]} 2. Nf3 {[%emt 0:00:03]} Nc6 { [%emt
0:00:08]} 3. Bc4 {[%emt 0:00:03]} Bc5 {[%emt 0:00:24]} 4. c3 {[%emt 0:00: 05]}
Nf6 {[%emt 0:00:03]} 5. d4 {[%emt 0:00:04]} Bd6 {[%emt 0:00:11]} 6. dxe5 {
[%emt 0:00:05]} Bxe5 {[%emt 0:00:06]} 7. Bg5 {[%emt 0:00:16]} h6 {[%emt 0:00:
05]} 8. Bxf6 {[%emt 0:00:10]} gxf6 {[%emt 0:00:06]} 9. Nbd2 {[%emt 0:00:18]}
Rg8 {[%emt 0:00:22]} 10. g3 {[%emt 0:00:08]} f5 {[%emt 0:00:38]} 11. exf5 {
[%emt 0:01:13]} d5 {[%emt 0:00:32]} 12. Bb5 {[%emt 0:00:13]} Qd7 {[%emt 0:00:
10]} 13. Nxe5 {[%emt 0:00:25]} Qxf5 {[%emt 0:00:16]} 14. Nxc6 {[%emt 0:00:32]}
bxc6 {[%emt 0:00:07]} 15. Bxc6+ {[%emt 0:00:03]} Bd7 {[%emt 0:00:10]} 16. Bxa8
{[%emt 0:00:05]} Qe5+ {[%emt 0:00:05]} 17. Qe2 {[%emt 0:00:07]} Qe7 {[%emt 0:
00:11]} 18. Qxe7+ {[%emt 0:00:07]} Kxe7 {[%emt 0:00:07]} 19. Bxd5 {[%emt 0:00:
03]} Bh3 {[%emt 0:00:05]} 20. O-O-O {[%emt 0:00:17]} Bg2 {[%emt 0:00:19]} 21.
Bxg2 {[%emt 0:00:07]} c6 {[%emt 0:00:33]} 22. Rhe1+ {[%emt 0:00:02]} Kd8 {
[%emt 0:00:08]} 23. Nc4+ {[%emt 0:00:02]} Kc8 {[%emt 0:00:03]} 24. Re7 { [%emt
0:00:07]} Rd8 {[%emt 0:00:06]} 25. Rxd8+ {[%emt 0:00:19]} Kxd8 {[%emt 0:
00:08]} 26. Rxa7 {[%emt 0:00:05]} Kc8 {[%emt 0:00:05]} 27. Bxc6 {[%emt 0:00:06]
} Kb8 {[%emt 0:00:04]} 28. Rb7+ {[%emt 0:00:04]} Ka8 {[%emt 0:00:05]} 29. Nb6#
{[%emt 0:00:07]} 1-0

[Event "DSJ Weihnachtsturnier U20w 2020"]
[Site "https://play.chessbase.com/en/play?room=DSJWeihnachtU20w"]
[Date "2020.12.29"]
[Round "1"]
[White "Kube, Maja"]
[Black "Reddi, Bhuvana"]
[Result "0-1"]
[Termination "normal"]
[Board "10.4"]
[WhiteElo "979"]
[BlackElo "1359"]
[WhiteTeam "SC Papenburg 2"]
[BlackTeam "SC Weisse Dame"]
[PlyCount "28"]
[WhiteFideId "16298268"]
[BlackFideId "16287002"]
[EventRounds "7"]
[EventType "team-swiss"]
[EventDate "2020.12.29"]

1. e4 {[%emt 0:00:09]} e5 {[%emt 0:00:08]} 2. Nf3 {[%emt 0:00:05]} Nc6 { [%emt
0:00:08]} 3. Bc4 {[%emt 0:00:16]} Nf6 {[%emt 0:00:07]} 4. c3 {[%emt 0:00: 24]}
Be7 {[%emt 0:00:19]} 5. d4 {[%emt 0:01:10]} d6 {[%emt 0:00:03]} 6. Ng5 { [%emt
0:01:06]} O-O {[%emt 0:00:20]} 7. d5 {[%emt 0:01:20]} Nb8 {[%emt 0:00:33] } 8.
O-O {[%emt 0:01:20]} h6 {[%emt 0:00:17]} 9. Nf3 {[%emt 0:01:00]} Nxe4 { [%emt
0:00:22]} 10. Qe2 {[%emt 0:02:39]} Nf6 {[%emt 0:00:18]} 11. Nxe5 { [%emt
0:00:14]} dxe5 {[%emt 0:00:10]} 12. Qxe5 {[%emt 0:00:04]} Bd6 {[%emt 0: 00:04]}
13. Qf5 {[%emt 0:00:11]} Bxf5 {[%emt 0:00:04]} 14. Bf4 {[%emt 0:00:26]} Bxf4
{[%emt 0:00:03] Zeit} 0-1

[Event "DSJ Weihnachtsturnier U20w 2020"]
[Site "https://play.chessbase.com/en/play?room=DSJWeihnachtU20w"]
[Date "2020.12.29"]
[Round "1"]
[White "Cizek, Veronika"]
[Black "Oswald, Hannah"]
[Result "0-1"]
[Termination "normal"]
[Board "11.1"]
[WhiteElo "998"]
[BlackElo "1675"]
[WhiteTeam "SC Garching 1980 2"]
[BlackTeam "Schachgemeinschaft Leipzig"]
[PlyCount "66"]
[BlackFideId "16214960"]
[EventRounds "7"]
[EventType "team-swiss"]
[EventDate "2020.12.29"]

1. e4 {[%emt 0:00:04]} e5 {[%emt 0:00:04]} 2. Nc3 {[%emt 0:00:04]} Nc6 { [%emt
0:00:04]} 3. Nf3 {[%emt 0:00:01]} Nf6 {[%emt 0:00:05]} 4. Bc4 {[%emt 0: 00:03]}
Bc5 {[%emt 0:00:10]} 5. O-O {[%emt 0:00:05]} O-O {[%emt 0:00:14]} 6. d3 {[%emt
0:00:03]} d6 {[%emt 0:00:12]} 7. Be3 {[%emt 0:00:19]} Bb6 {[%emt 0:00: 04]} 8.
d4 {[%emt 0:00:18]} Bg4 {[%emt 0:00:33]} 9. h3 {[%emt 0:00:16]} Bxf3 { [%emt
0:00:10]} 10. Qxf3 {[%emt 0:00:20]} exd4 {[%emt 0:00:04]} 11. Bxd4 { [%emt
0:00:06]} Bxd4 {[%emt 0:00:07]} 12. Nd5 {[%emt 0:00:23]} Ne5 {[%emt 0:00: 50]}
13. Qe2 {[%emt 0:00:40]} Bxb2 {[%emt 0:00:22]} 14. Rab1 {[%emt 0:00:05]} Bd4
{[%emt 0:00:10]} 15. c3 {[%emt 0:00:25]} Bb6 {[%emt 0:00:08]} 16. Kh1 { [%emt
0:01:04]} Nxc4 {[%emt 0:00:34]} 17. Qxc4 {[%emt 0:00:15]} Re8 {[%emt 0: 00:14]}
18. Rbe1 {[%emt 0:00:19]} c6 {[%emt 0:00:42]} 19. Nb4 {[%emt 0:00:31]} Qc7
{[%emt 0:00:16]} 20. Nd3 {[%emt 0:00:36]} h6 {[%emt 0:00:21]} 21. e5 { [%emt
0:00:30]} dxe5 {[%emt 0:00:12]} 22. Nxe5 {[%emt 0:00:08]} Rxe5 {[%emt 0:
00:08]} 23. Rxe5 {[%emt 0:00:09]} Qxe5 {[%emt 0:00:04]} 24. Kg1 {[%emt 0:00:28]
} Bc7 {[%emt 0:00:10]} 25. Rd1 {[%emt 0:00:14]} Qh2+ {[%emt 0:00:10]} 26. Kf1 {
[%emt 0:00:03]} Qh1+ {[%emt 0:00:08]} 27. Ke2 {[%emt 0:00:06]} Re8+ {[%emt 0:
00:03]} 28. Kd2 {[%emt 0:00:07]} Rd8+ {[%emt 0:00:03]} 29. Ke2 {[%emt 0:00:32]}
Qxd1+ {[%emt 0:00:05]} 30. Ke3 {[%emt 0:00:07]} Bb6+ {[%emt 0:00:06]} 31. Kf4 {
[%emt 0:00:12]} Nh5+ {[%emt 0:00:06]} 32. Ke4 {[%emt 0:00:24]} Re8+ {[%emt 0:
00:11]} 33. Kf5 {[%emt 0:00:12]} g6# {[%emt 0:00:04]} 0-1

[Event "DSJ Weihnachtsturnier U20w 2020"]
[Site "https://play.chessbase.com/en/play?room=DSJWeihnachtU20w"]
[Date "2020.12.29"]
[Round "1"]
[White "Clarke-Griebsch, Elisa"]
[Black "Halas, Neele Zoe"]
[Result "0-1"]
[Termination "normal"]
[Board "11.3"]
[WhiteElo "966"]
[BlackElo "1273"]
[WhiteTeam "SC Garching 1980 2"]
[BlackTeam "Schachgemeinschaft Leipzig"]
[PlyCount "100"]
[BlackFideId "16287282"]
[EventRounds "7"]
[EventType "team-swiss"]
[EventDate "2020.12.29"]

1. e4 {[%emt 0:00:02]} e5 {[%emt 0:00:02]} 2. Nf3 {[%emt 0:00:02]} Nc6 { [%emt
0:00:02]} 3. Nc3 {[%emt 0:00:02]} Nf6 {[%emt 0:00:02]} 4. d4 {[%emt 0:00: 02]}
exd4 {[%emt 0:00:33]} 5. Nxd4 {[%emt 0:00:03]} d5 {[%emt 0:01:37]} 6. Nxc6
{[%emt 0:00:04]} bxc6 {[%emt 0:00:03]} 7. Bd3 {[%emt 0:00:15]} Bc5 {[%emt 0:00:
19]} 8. O-O {[%emt 0:00:04]} O-O {[%emt 0:00:11]} 9. Bg5 {[%emt 0:00:04]} Be7 {
[%emt 0:00:57]} 10. e5 {[%emt 0:00:20]} Nd7 {[%emt 0:00:15]} 11. Bxe7 {[%emt 0:
00:29]} Qxe7 {[%emt 0:00:04]} 12. Re1 {[%emt 0:00:14]} Qg5 {[%emt 0:00:13]} 13.
e6 {[%emt 0:00:09]} fxe6 {[%emt 0:00:36]} 14. Rxe6 {[%emt 0:00:07]} Ne5 { [%emt
0:00:11]} 15. Qe1 {[%emt 0:00:25]} Bxe6 {[%emt 0:00:12]} 16. Qe2 { [%emt
0:00:47]} Bh3 {[%emt 0:00:26]} 17. Qf1 {[%emt 0:00:30]} Nxd3 {[%emt 0:01: 11]}
18. cxd3 {[%emt 0:00:06]} Rae8 {[%emt 0:00:32]} 19. Re1 {[%emt 0:00:07]} Rxe1
{[%emt 0:00:03]} 20. Nd1 {[%emt 0:00:33]} Rxf1+ {[%emt 0:00:04]} 21. Kxf1
{[%emt 0:00:03]} Qxg2+ {[%emt 0:00:06]} 22. Ke1 {[%emt 0:00:03]} Qg1+ {[%emt 0:
00:14]} 23. Kd2 {[%emt 0:00:05]} Rxf2+ {[%emt 0:00:17]} 24. Kc3 {[%emt 0:00:14]
} Qg6 {[%emt 0:00:09]} 25. Nxf2 {[%emt 0:00:05]} Qf6+ {[%emt 0:00:04]} 26. Kc2
{[%emt 0:00:07]} Qxf2+ {[%emt 0:00:05]} 27. Kb3 {[%emt 0:00:02]} Qe3 {[%emt 0:
00:08]} 28. Ka3 {[%emt 0:00:05]} Qxd3+ {[%emt 0:00:02]} 29. b3 {[%emt 0:00:02]}
c5 {[%emt 0:00:05]} 30. Ka4 {[%emt 0:00:04]} Bd7+ {[%emt 0:00:03]} 31. Ka3 {
[%emt 0:00:02]} c4 {[%emt 0:00:07]} 32. Kb2 {[%emt 0:00:12]} cxb3 {[%emt 0:00:
05]} 33. axb3 {[%emt 0:00:04]} Bf5 {[%emt 0:00:11]} 34. Ka3 {[%emt 0:00:04]} c5
{[%emt 0:00:07]} 35. Kb2 {[%emt 0:00:04]} Qc2+ {[%emt 0:00:02]} 36. Ka3 { [%emt
0:00:02]} d4 {[%emt 0:00:10]} 37. Ka4 {[%emt 0:00:03]} c4 {[%emt 0:00:06] } 38.
Kb5 {[%emt 0:00:09]} Qxb3+ {[%emt 0:00:03]} 39. Kc5 {[%emt 0:00:02]} Qb6+
{[%emt 0:00:05]} 40. Kxc4 {[%emt 0:00:03]} Kf7 {[%emt 0:00:02]} 41. Kd5 { [%emt
0:00:08]} Kf6 {[%emt 0:00:16]} 42. Kc4 {[%emt 0:00:03]} Be6+ {[%emt 0:00: 05]}
43. Kd3 {[%emt 0:00:03]} Ke5 {[%emt 0:00:02]} 44. Kc2 {[%emt 0:00:04]} Qb4
{[%emt 0:00:05]} 45. Kd3 {[%emt 0:00:02]} Bf5+ {[%emt 0:00:03]} 46. Ke2 { [%emt
0:00:02]} Qc3 {[%emt 0:00:03]} 47. Kf2 {[%emt 0:00:02]} Kf4 {[%emt 0:00: 04]}
48. Kg2 {[%emt 0:00:01]} Be4+ {[%emt 0:00:04]} 49. Kf2 {[%emt 0:00:04]} Qd2+
{[%emt 0:00:02]} 50. Kg1 {[%emt 0:00:02]} Qg2# {[%emt 0:00:02]} 0-1

[Event "DSJ Weihnachtsturnier U20w 2020"]
[Site "https://play.chessbase.com/en/play?room=DSJWeihnachtU20w"]
[Date "2020.12.29"]
[Round "1"]
[White "Amelang, Jamie Alice"]
[Black "Desabhatla, Sahasra"]
[Result "0-1"]
[Termination "time forfeit"]
[Board "11.4"]
[WhiteElo "919"]
[BlackElo "705"]
[WhiteTeam "Schachgemeinschaft Leipzig"]
[BlackTeam "SC Garching 1980 2"]
[PlyCount "28"]
[WhiteFideId "34605754"]
[EventRounds "7"]
[EventType "team-swiss"]
[EventDate "2020.12.29"]

1. e4 {[%emt 0:00:07]} e5 {[%emt 0:00:01]} 2. Bc4 {[%emt 0:00:03]} Nc6 { [%emt
0:00:03]} 3. d3 {[%emt 0:00:02]} Nf6 {[%emt 0:00:02]} 4. Nc3 {[%emt 0:00: 06]}
d6 {[%emt 0:00:02]} 5. Nf3 {[%emt 0:00:09]} Be7 {[%emt 0:00:04]} 6. O-O { [%emt
0:00:16]} O-O {[%emt 0:00:08]} 7. Be3 {[%emt 0:00:22]} Bd7 {[%emt 0:00: 04]} 8.
Qd2 {[%emt 0:00:07]} h6 {[%emt 0:00:02]} 9. h3 {[%emt 0:00:04]} a6 { [%emt
0:00:19]} 10. Rad1 {[%emt 0:00:26]} Rc8 {[%emt 0:00:39]} 11. Rfe1 { [%emt
0:01:14]} Na5 {[%emt 0:00:17]} 12. Qe2 {[%emt 0:01:40]} Nxc4 {[%emt 0:00: 15]}
13. dxc4 {[%emt 0:00:07]} d5 {[%emt 0:00:16]} 14. exd5 {[%emt 0:00:38]} Bd6
{[%emt 0:00:11] Restarted B (13.22e) Restarted W (13.22em) OK OK Restarted B
(13.22e) OK Restarted W (13.22em) OK Restarted B (13.22e) Restarted W (13.
22em) OK OK TimeW} 0-1